<?xml version="1.0" encoding="UTF-8"?>
<record
    xmlns:xsi="http://www.w3.org/2001/XMLSchema-instance"
    xsi:schemaLocation="http://www.loc.gov/MARC21/slim http://www.loc.gov/standards/marcxml/schema/MARC21slim.xsd"
    xmlns="http://www.loc.gov/MARC21/slim">

  <leader>00339nam a22001457a 4500</leader>
  <controlfield tag="005">20161022145628.0</controlfield>
  <controlfield tag="008">161022b        xxu||||| |||| 00| 0 eng d</controlfield>
  <datafield tag="041" ind1=" " ind2=" ">
    <subfield code="a">eng</subfield>
  </datafield>
  <datafield tag="100" ind1=" " ind2=" ">
    <subfield code="a">Ghatak,S</subfield>
    <subfield code="9">3612</subfield>
  </datafield>
  <datafield tag="245" ind1=" " ind2=" ">
    <subfield code="a">Mine Pumps,Haulage and Winding</subfield>
  </datafield>
  <datafield tag="260" ind1=" " ind2=" ">
    <subfield code="b">Coalfield</subfield>
  </datafield>
  <datafield tag="300" ind1=" " ind2=" ">
    <subfield code="a">520</subfield>
  </datafield>
  <datafield tag="650" ind1=" " ind2=" ">
    <subfield code="a">Mining Engineering</subfield>
    <subfield code="9">3615</subfield>
  </datafield>
  <datafield tag="942" ind1=" " ind2=" ">
    <subfield code="c">BK</subfield>
  </datafield>
  <datafield tag="999" ind1=" " ind2=" ">
    <subfield code="c">5276</subfield>
    <subfield code="d">5274</subfield>
  </datafield>
  <datafield tag="952" ind1=" " ind2=" ">
    <subfield code="0">0</subfield>
    <subfield code="1">0</subfield>
    <subfield code="4">0</subfield>
    <subfield code="7">0</subfield>
    <subfield code="8">MINING</subfield>
    <subfield code="a">JRU</subfield>
    <subfield code="b">MAIN</subfield>
    <subfield code="c">SHELF-94-D</subfield>
    <subfield code="d">2016-10-22</subfield>
    <subfield code="e">Purchase</subfield>
    <subfield code="g">480.00</subfield>
    <subfield code="l">5</subfield>
    <subfield code="o">622.6</subfield>
    <subfield code="p">21336</subfield>
    <subfield code="r">2025-01-23 10:20:29</subfield>
    <subfield code="s">2024-09-05</subfield>
    <subfield code="w">2016-10-22</subfield>
    <subfield code="y">BK</subfield>
  </datafield>
  <datafield tag="952" ind1=" " ind2=" ">
    <subfield code="0">0</subfield>
    <subfield code="1">0</subfield>
    <subfield code="4">0</subfield>
    <subfield code="7">0</subfield>
    <subfield code="8">MINING</subfield>
    <subfield code="a">JRU</subfield>
    <subfield code="b">JRU</subfield>
    <subfield code="c">SHELF-94-D</subfield>
    <subfield code="d">2016-10-22</subfield>
    <subfield code="e">Purchase</subfield>
    <subfield code="g">480.00</subfield>
    <subfield code="l">6</subfield>
    <subfield code="m">2</subfield>
    <subfield code="o">622.6</subfield>
    <subfield code="p">21337</subfield>
    <subfield code="r">2026-02-11 09:58:54</subfield>
    <subfield code="s">2025-08-21</subfield>
    <subfield code="w">2016-10-22</subfield>
    <subfield code="y">BK</subfield>
  </datafield>
  <datafield tag="952" ind1=" " ind2=" ">
    <subfield code="0">0</subfield>
    <subfield code="1">0</subfield>
    <subfield code="4">0</subfield>
    <subfield code="7">0</subfield>
    <subfield code="8">MINING</subfield>
    <subfield code="a">JRU</subfield>
    <subfield code="b">JRU</subfield>
    <subfield code="c">SHELF-94-D</subfield>
    <subfield code="d">2016-10-22</subfield>
    <subfield code="e">Purchase</subfield>
    <subfield code="g">480.00</subfield>
    <subfield code="l">5</subfield>
    <subfield code="o">622.6</subfield>
    <subfield code="p">21338</subfield>
    <subfield code="r">2019-12-05 00:00:00</subfield>
    <subfield code="s">2019-11-29</subfield>
    <subfield code="w">2016-10-22</subfield>
    <subfield code="y">BK</subfield>
  </datafield>
  <datafield tag="952" ind1=" " ind2=" ">
    <subfield code="0">0</subfield>
    <subfield code="1">0</subfield>
    <subfield code="4">0</subfield>
    <subfield code="7">0</subfield>
    <subfield code="8">MINING</subfield>
    <subfield code="a">JRU</subfield>
    <subfield code="b">JRU</subfield>
    <subfield code="c">SHELF-60-E</subfield>
    <subfield code="d">2016-10-22</subfield>
    <subfield code="e">Purchase</subfield>
    <subfield code="g">480.00</subfield>
    <subfield code="l">7</subfield>
    <subfield code="m">2</subfield>
    <subfield code="o">622.6</subfield>
    <subfield code="p">21339</subfield>
    <subfield code="r">2024-12-28 16:24:24</subfield>
    <subfield code="s">2024-12-26</subfield>
    <subfield code="w">2016-10-22</subfield>
    <subfield code="y">BK</subfield>
  </datafield>
  <datafield tag="952" ind1=" " ind2=" ">
    <subfield code="0">0</subfield>
    <subfield code="1">0</subfield>
    <subfield code="4">0</subfield>
    <subfield code="7">0</subfield>
    <subfield code="8">MINING</subfield>
    <subfield code="a">JRU</subfield>
    <subfield code="b">MAIN</subfield>
    <subfield code="c">SHELF-6-C</subfield>
    <subfield code="d">2016-10-22</subfield>
    <subfield code="e">Purchase</subfield>
    <subfield code="g">480.00</subfield>
    <subfield code="l">1</subfield>
    <subfield code="o">622.6</subfield>
    <subfield code="p">21340</subfield>
    <subfield code="r">2022-12-31 00:00:00</subfield>
    <subfield code="s">2022-12-31</subfield>
    <subfield code="w">2016-10-22</subfield>
    <subfield code="y">BK</subfield>
  </datafield>
</record>
